000 00294nam a2200121Ia 4500
005 20251222142029.0
008 251222s9999||||xx |||||||||||||| ||spa||
082 _a343.052/V47I
100 _aVera Paredes, IsaĆ­as
245 0 _aEl Impuesto a la Renta:
264 _bVera Paredes
942 _cLIB
999 _c10916
_d10916